| 000 | 00656nam a2200193 a 4500 | ||
|---|---|---|---|
| 001 | 1675 | ||
| 003 | CDMR | ||
| 005 | 20131128114201.0 | ||
| 008 | 130130s2009||||||||||||||||||||||||||||d | ||
| 020 | _a9788439380634 | ||
| 040 |
_aCDMR _bcat _cCDMR |
||
| 240 | 1 | _aInforme de la comunicació a Catalunya | |
| 245 | 0 | 0 |
_aInforme de la comunicació a Catalunya 2007-2008 _cMiquel de Moragas i Spà...[et al.] (eds.) |
| 260 |
_aBarcelona _c2009 _bGeneralitat de Catalunya |
||
| 490 | 0 |
_aLexikon. _aInformes _v1 |
|
| 700 | 1 |
_9475 _aMoragas Spà, Miquel de _eed. |
|
| 710 | 2 |
_91253 _aUniversitat Autònoma de Barcelona _b -- Institut de la Comunicació |
|
| 942 |
_cMON _2udc |
||
| 999 |
_c1675 _d1675 |
||